At the Existentialist café: (Record no. 10062)

MARC details
000 -LEADER
fixed length control field 00382nam a22001337a 4500
008 - FIXED-LENGTH DATA ELEMENTS--GENERAL INFORMATION
fixed length control field 241016b |||||||| |||| 00| 0 eng d
020 ## - INTERNATIONAL STANDARD BOOK NUMBER
International Standard Book Number 9780701186586
082 ## - DEWEY DECIMAL CLASSIFICATION NUMBER
Classification number 142.78
100 ## - MAIN ENTRY--PERSONAL NAME
Personal name Bakewell, Sarah.
245 ## - TITLE STATEMENT
Title At the Existentialist café:
Remainder of title Freedom, Being and apricot cocktails
260 ## - PUBLICATION, DISTRIBUTION, ETC.
Place of publication, distribution, etc. London :
Name of publisher, distributor, etc. Chatto & Windus,
Date of publication, distribution, etc. 2016.
300 ## - PHYSICAL DESCRIPTION
Extent p. 439;
Dimensions 22.1 Cm.
942 ## - Added entry Elements (Koha)
Source of classification or shelving scheme Dewey Decimal Classification
Holdings
Withdrawn status Lost status Source of classification or shelving scheme Damaged status Not for loan Collection code Home library Current library Shelving location Date acquired Serial Enumeration / chronology Total Checkouts Full call number Barcode Date last seen Price effective from Koha item type Public note
    Dewey Decimal Classification     Main TEST RTC Library RTC Library Main opac 16/10/2024 18966   142.75 BAK 30020082 16/10/2024 16/10/2024 Main Donated by Dr. Dolma
Royal Thimphu College || All Right Reserved